HISTORIA DEL CLIMA DESDE EL AÑO MIL. (Registro nro. 57332)
[ vista simple ]
| 000 -LEADER | |
|---|---|
| fixed length control field | 01160nam a2200229 a 4500 |
| 001 - CONTROL NUMBER | |
| control field | 57332 |
| 005 - DATE AND TIME OF LATEST TRANSACTION | |
| control field | 20180714053456.0 |
| 008 - FIXED-LENGTH DATA ELEMENTS--GENERAL INFORMATION | |
| fixed length control field | 140415s1991 mx 000 0 spa d |
| 020 ## - INTERNATIONAL STANDARD BOOK NUMBER | |
| International Standard Book Number | 9681632621 |
| 041 ## - LANGUAGE CODE | |
| Language code of text/sound track or separate title | spa |
| 082 ## - DEWEY DECIMAL CLASSIFICATION NUMBER | |
| Classification number | 551.609 |
| Item number | LER |
| 100 1# - MAIN ENTRY--PERSONAL NAME | |
| Personal name | LE ROY LADURIE, AMMANUEL |
| 245 10 - TITLE STATEMENT | |
| Title | HISTORIA DEL CLIMA DESDE EL AÑO MIL. |
| 250 ## - EDITION STATEMENT | |
| Edition statement | 1a ed. |
| 260 ## - PUBLICATION, DISTRIBUTION, ETC. | |
| Place of publication, distribution, etc. | MEXICO : |
| Name of publisher, distributor, etc. | FONDO DE CULTURA ECONOMICA, |
| Date of publication, distribution, etc. | 1991. |
| 300 ## - PHYSICAL DESCRIPTION | |
| Extent | 241 ; |
| Dimensions | 13.6 x 2.5 x 20.9. |
| 490 ## - SERIES STATEMENT | |
| Series statement | SECCION DE OBRAS DE HISTORIA |
| 520 ## - SUMMARY, ETC. | |
| Summary, etc. | DURANTE MUCHOS AÑOS, A ROMA LLEGABAN LOS DIEZMOS PAGADOS POR LAS FLORECIENTES IGLESIAS DE GREOENLAIDA: MARFIL DE MORSA, COLMILLOS DE NARVAL Y PIELES DE BUEY Y FOCA. HACIA EL SIGLO XII INCLUSO SE AUTORIZO LA CONSTRUCCION DE UNA CATEDRAL EN GARDAR. PERO PARA FINES DEL SIGLO XV TODOS LOS POBLADORES VIKINGOS DE GREOENLANDIA HABIAN DESAPARECIDO. LO QUE OCURRIO FUE UN ENFRIAMIENTO EN EL CLIMA QUE IMPIDIO LOS CULTIVOS Y BLOQUEO LOS PUERTOS CON HIELO DURANTE CASI TODO EL AÑO. A ESTO SE LE LLA |
| 650 14 - SUBJECT ADDED ENTRY--TOPICAL TERM | |
| Topical term or geographic name entry element | CLIMATOLOGIA |
| General subdivision | HISTORIA |
| 700 1# - ADDED ENTRY--PERSONAL NAME | |
| Personal name | LOPEZ BELTRAN, CARLOS |
| Relator term | tr. |
| 740 0# - ADDED ENTRY--UNCONTROLLED RELATED/ANALYTICAL TITLE | |
| Uncontrolled related/analytical title | HISTOIRE DU CLIMAT DEPUIS L AN MIL |
| Withdrawn status | Lost status | Source of classification or shelving scheme | Damaged status | Not for loan | Collection code | Home library | Current library | Shelving location | Date acquired | Source of acquisition | Inventory number | Total Checkouts | Full call number | Barcode | Date last seen | Date last checked out | Price effective from | Koha item type |
|---|---|---|---|---|---|---|---|---|---|---|---|---|---|---|---|---|---|---|
| Dewey Decimal Classification | General | Biblioteca Karol Wojtyla | Biblioteca Karol Wojtyla | Sala general | 03/12/2013 | Compra | 151000000000000000000029 | 551.609 LER | 86650 | 05/01/2026 | 25/11/2015 | 03/12/2013 | Libro |